000 00956nam a2200289Ia 4500
001 Para_9580
003 CHAP
008 220125s2009 xx 000 0 und d
010 _a208254
040 _cCHAP
090 _aTESIS 2241
100 _aSánchez Velázquez, Eber Josué
_9174583
245 _aAnálisis fitosanitario de bacterias de importancia cuarentenaria en México /
_c por Eber Josué Sánchez Velázquez
260 _aChapingo, Méx. :
_b el autor
300 _a118 h.
502 _aTesis (Ing. Agr. Esp. en Parasitología Agrícola) -- UACh. Departamento Parasitología Agrícola
650 _aBacterias fitopatógenas
_99326
650 _aPlantas
_x cuarentena
_988811
710 _aUACh. Departamento Parasitología Agrícola
_9164025
901 _aTESIS 2241
902 _aM
905 _a0000002009 a 0000000000 00
910 _a2009
942 _cPARA
942 _cPARA
_d2
999 _c208254
_d208254